000 00785nam a22001817a 4500
005 20260414112544.0
008 240815b ||||| |||| 00| 0 eng d
082 _22023
_aUT
100 _aValledor, Dwight Xavier N.
_957744
245 _aStrategic human resource management and safety climate practices among human resource practitioners in digos city /
_cDwight Xavier N. Valledor, Althea Joy P. Villamor, and Jerlie O. Manadero
260 _aDigos City :
_bUMDC,
_c©November 2023.
300 _aviii, 61 pages :
_c30 cm.
_billustrations (some colors) ;
500 _aIncludes references and appendices.
650 _aHuman Resources Management.
_xUndergraduate thesis.
_957539
700 _aVillamor, Althea Joy P.
_957745
700 _aManadero, Jerlie O.
_957746
942 _2ddc
_cUT
999 _c20453
_d20453